It's Not Just Academic (Essays on Sufism and Islamic Studies) (Record no. 11948)

MARC details
000 -LEADER
fixed length control field 00373nam a22001337a 4500
008 - FIXED-LENGTH DATA ELEMENTS--GENERAL INFORMATION
fixed length control field 220124b ||||| |||| 00| 0 eng d
020 ## - INTERNATIONAL STANDARD BOOK NUMBER
International Standard Book Number 9789352800087
082 ## - DEWEY DECIMAL CLASSIFICATION NUMBER
Classification number 297.4
Item number 1
100 ## - MAIN ENTRY--PERSONAL NAME
Personal name Ernst Carl.W
9 (RLIN) 7522
245 ## - TITLE STATEMENT
Title It's Not Just Academic (Essays on Sufism and Islamic Studies)
260 ## - PUBLICATION, DISTRIBUTION, ETC. (IMPRINT)
Place of publication, distribution, etc. New Delhi
Name of publisher, distributor, etc. SAGE Publications
Date of publication, distribution, etc. 2018
300 ## - PHYSICAL DESCRIPTION
Extent 490.P
942 ## - ADDED ENTRY ELEMENTS (KOHA)
Source of classification or shelving scheme Dewey Decimal Classification
Koha item type BOOK
Holdings
Withdrawn status Lost status Source of classification or shelving scheme Damaged status Not for loan Home library Current library Shelving location Date acquired Total Checkouts Full call number Barcode Date last seen Price effective from Koha item type
    Dewey Decimal Classification     Good Samaritan School Library Good Samaritan School Library RELIGION 01/24/2022   297.4 1 ERN17193 01/24/2022 01/24/2022 BOOK

Powered by Koha